Loading...
| Current Events | 2 | 15.00 | 100% | 50% | 0% |
| Fine Arts - Classical Music | 5 | 6.00 | 60% | 0% | 0% |
| Fine Arts - Other Fine Arts | 5 | 10.00 | 100% | 0% | 0% |
| Fine Arts - Painting and Sculpture | 1 | 10.00 | 0% | 100% | 0% |
| Geography | 1 | 10.00 | 100% | 0% | 0% |
| History - American History | 6 | 20.00 | 100% | 50% | 50% |
| History - European History | 4 | 17.50 | 100% | 50% | 25% |
| History - Other History | 3 | 6.67 | 67% | 0% | 0% |
| History - World History | 3 | 13.33 | 100% | 33% | 0% |
| Literature - American Literature | 3 | 10.00 | 100% | 0% | 0% |
| Literature - British Literature | 2 | 0.00 | 0% | 0% | 0% |
| Literature - European Literature | 8 | 6.25 | 63% | 0% | 0% |
| Literature - World Literature | 4 | 2.50 | 25% | 0% | 0% |
| Mythology | 4 | 7.50 | 50% | 25% | 0% |
| Other Academic | 2 | 15.00 | 100% | 50% | 0% |
| Philosophy | 3 | 10.00 | 100% | 0% | 0% |
| Religion | 5 | 10.00 | 80% | 20% | 0% |
| Science - Biology | 4 | 15.00 | 100% | 50% | 0% |
| Science - Chemistry | 5 | 10.00 | 100% | 0% | 0% |
| Science - Other Science | 5 | 4.00 | 20% | 20% | 0% |
| Science - Physics | 4 | 10.00 | 100% | 0% | 0% |
| Social Science | 3 | 6.67 | 33% | 33% | 0% |